Szczegóły MARC21

Rachunkowość w zarządzaniu jednostkami gospodarczymi /

003 -Nazwa inst., której nr kontr. jest w polu 001 [,]
    • @
    • Nazwa instytucji, której n kontrolny jest w polu 001
    • NUKAT
005 -DATA I CZAS OSTATNIEJ MODYFIKACJI [,]
    • @
    • pole kontrolne
    • 20241231103717.0
020 -Międzynarod. znormalizowany nr książki - ISBN [ , ]
    • a
    • Numer ISBN
    • 8360065365 Find
040 -Instytucja sporządzająca opis [ , ]
    • a
    • Instytucja, która sporządziła opis (NP)
    • WA M/GM
    • c
    • Instytucja, która sporządziła rekord (NP)
    • WA M/GM
    • d
    • Instytucja, która zmodyfikowała rekord (P)
    • WA M/ES
    • d
    • Instytucja, która zmodyfikowała rekord (P)
    • WA U/DNs
    • d
    • Instytucja, która zmodyfikowała rekord (P)
    • KR U/IFs
041 -Język dokumentu [0, ]
    • a
    • Język tekstu (P)
    • polski
    • a
    • Język tekstu (P)
    • angielski
    • a
    • Język tekstu (P)
    • niemiecki
942 -Rodzaj dokumentu [ , ]
    • c
    • Rodzaj dokumentu
    • Książka
245 -Strefa tytułu i oznaczenia odpowiedzialności [0,0]
    • a
    • Tytuł
    • Rachunkowość w zarządzaniu jednostkami gospodarczymi / Find
    • c
    • Pozostałe elementy strefy tytułu i oznaczenia odpowiedzialności (NP)
    • red. nauk. Teresa Kiziukiewicz ; [przygot. do dr. Marek Rublewski] ; Uniwersytet Szczeciński. Katedra Rachunkowości, Akademia Rolnicza w Szczecinie. Katedra Rachunkowości.
260 -Strefa adresu wydawniczego [ , ]
    • a
    • Miejsce wydania (P)
    • Szczecin :
    • b
    • Nazwa wydawcy (P)
    • PRINT GROUP Daniel Krzanowski,
    • c
    • Data wydania (P)
    • 2006.
300 -Strefa opisu fizycznego [ , ]
    • a
    • Określenie formy książki i/lub objętość (NP)
    • 595 s. ;
    • c
    • Format (NP)
    • 24 cm.
336 -Typ zawartości [ , ]
    • a
    • Termin opisujący typ zawartości
    • Tekst
    • b
    • Kod określający zawartość
    • txt
    • 2
    • Źródło (terminu i kodu)
    • rdacontent
337 -Typ mediów [ , ]
    • a
    • Tryb odtwarzania
    • Bez urządzenia pośredniczącego
    • b
    • Kod typu mediów
    • n
    • 2
    • Źródło (terminu i kodu)
    • rdamedia
338 -Typ/rodzaj nośnika [ , ]
    • a
    • Hasło opisujące typ nośnika
    • Wolumin
    • b
    • Kod typu nośnika
    • nc
    • 2
    • Źródło (terminu i kodu)
    • rdacarrier
500 -Uwaga ogólna [ , ]
    • a
    • Uwaga ogólna (NP)
    • Opracowanie jest dedykowane Panu Profesorowi zw. dr hab. Kazimierzowi Sawickiemu, który w 2006 r. obchodzi jubileusz 80-lecia urodzin i 55-lecia pracy naukowej.
504 -Uwaga dot. bibliogr. załącznikowej [ , ]
    • a
    • Uwaga dot. bibliografii załącznikowej
    • Bibliogr. przy pracach.
546 -Uwaga dot. języka [ , ]
    • a
    • Uwaga dot. języka
    • Tekst częśc. ang., niem.
080 -Uniwersalna Klasyfikacja Dziesiętna [ , ]
    • 2
    • Identyfikator wydania tablic
    • UDC-P022
    • a
    • Symbol klasyfikacji
    • 657
    • b
    • Dopowiedzenie
    • Rachukowość. Księgowość.
080 -Uniwersalna Klasyfikacja Dziesiętna [ , ]
    • 2
    • Identyfikator wydania tablic
    • UDC-P022
    • a
    • Symbol klasyfikacji
    • 658.14/.17
    • b
    • Dopowiedzenie
    • Zagadnienia finansowe przedsiębiorstw. Rozrachunek gospodarczy. Fundusz zakładowy.
650 -Hasło przedmiotowe [ ,7]
    • a
    • Hasło przedmiotowe
    • Rachunkowość zarządcza.
    • 2
    • Źródło terminu
    • kaba
    • 9
    • KHW
    • 149391
650 -Hasło przedmiotowe [ ,7]
    • a
    • Hasło przedmiotowe
    • Przedsiębiorstwa
    • x
    • Określnik rzeczowy
    • rachunkowość.
    • 2
    • Źródło terminu
    • kaba
    • 9
    • KHW
    • 126399
650 -Hasło przedmiotowe [ ,7]
    • a
    • Hasło przedmiotowe
    • Rachunek kosztów.
    • 2
    • Źródło terminu
    • kaba
    • 9
    • KHW
    • 127291
980 -Symbol UKD [ , ]
    • a
    • UKD
    • 657:658.14/.17
700 -Hasło dodatkowe - nazwa osobowa [1, ]
    • a
    • Nazwa osobowa (NP)
    • Kiziukiewicz, Teresa Find
    • d
    • Daty biograficzne (NP)
    • (1947- ).
    • e
    • Określenie rodzaju współpracy
    • Red.
    • 9
    • KHW
    • 44060
700 -Hasło dodatkowe - nazwa osobowa [1, ]
    • a
    • Nazwa osobowa (NP)
    • Rublewski, Marek. Find
    • e
    • Określenie rodzaju współpracy
    • Oprac.
    • 9
    • KHW
    • 402727
920 -ISBN [ , ]
    • a
    • ISBN
    • 83-60065-36-5 Find
Lokalizacja Data inwentaryzacji Numer inwentarzowy Status udost.
BE2006-12-04E.70271-2
BE2017-02-22S.95449-2